000 00636nam a2200181Ia 4500
008 100920s9999 xx 000 0 und d
082 _b30091
_a38 थ 65
100 _aआपटे हरि नारायण.
245 _aमायेचा बाजार.
260 _bआर्यभूषण मुद्रणालय, पुणे 4.
_c1965
300 _a416
_bसाधी
365 _b4.25
520 _aशताब्दी ग्रंथ.
630 _aमायेचा बाजार.
650 _aशताब्दी ग्रंथ.
730 _aमायेचा बाजार.
942 _cBOOK
999 _c685576
_d685573